Gdzie nigdy NIE pracował ten trener pilkarski Cz.1 - Statystyki

Ogólne statystyki
  • Ten quiz został rozwiązany 676 razy
  • Średni wynik to 6 z 10
Statystyki odpowiedzi
Zagadnienie Odpowiedź % Poprawnych
Gdzie NIE pracował Jurgen Klopp HSV Hamburg
87%
Gdzie NIE pracował Thomas Tuchel RB Leipzig
75%
Gdzie NIE pracował Gennaro Gattuso Hellas Verona
70%
Gdzie NIE pracował Ricardo Sá Pinto Anderlecht
68%
Gdzie NIE pracował Carlo Ancelotti Lyon
67%
Gdzie NIE pracował Antonio Conte Genoa
64%
Gdzie NIE pracował Arsene Wenger Gamba Osaka
56%
Gdzie NIE pracował José Mourinho Sporting Lizbona
47%
Gdzie NIE pracował Ernesto Valverde Deportivo Alaves
38%
Gdzie NIE pracował Unai Emery FC Porto
36%
Nie znaleziono quizów pasujących do podanych kryteriów
Rozkład punktacji
Procent ludzi z każdym wynikiem
Percentyl według liczby udzielonych odpowiedzi
Twoja historia wyników
Nie rozwiązałeś tego quizu